Online
Catalog

Control futuro del comercio de armas / (Record no. 44541)

MARC details
000 -CABECERA
campo de control de longitud fija 00864nam a2200217 a 4500
001 - NÚMERO DE CONTROL
campo de control 000045052
005 - FECHA Y HORA DE LA ÚLTIMA TRANSACCIÓN
campo de control 20201002045834.0
008 - DATOS DE LONGITUD FIJA--INFORMACIÓN GENERAL
campo de control de longitud fija 150130s1980 mx 000 0 spa d
020 ## - NÚMERO INTERNACIONAL ESTÁNDAR DEL LIBRO
Número Internacional Estándar del Libro 0070095892
040 ## - FUENTE DE LA CATALOGACIÓN
Centro catalogador/agencia de origen DO-SdBNP
Lengua de catalogación spa
Centro/agencia transcriptor BNPHU
082 ## - NÚMERO DE LA CLASIFICACIÓN DECIMAL DEWEY
Número de clasificación xxxx
Número de documento/Ítem xxxx
245 00 - MENCIÓN DE TÍTULO
Título Control futuro del comercio de armas /
Mención de responsabilidad, etc. Anne Hessing Cahn... [et al.] ; introducción de David C. Gompert y Alexander R. Vershbow ; traducción, Benjamín Bárcenas.
260 ## - PUBLICACIÓN, DISTRIBUCIÓN, ETC.
Lugar de publicación, distribución, etc. México :
Nombre del editor, distribuidor, etc. Publigrafics,
Fecha de publicación, distribución, etc. 1980.
300 ## - DESCRIPCIÓN FÍSICA
Extensión xii, 191 p. ;
Dimensiones 21 cm.
490 1# - MENCIÓN DE SERIE
Mención de serie 1980s project/Council on Foreign Relations
500 ## - NOTA GENERAL
Nota general Controlling future arms trade.
500 ## - NOTA GENERAL
Nota general Incluye referencias bibliográficas y notas al pie de las páginas
700 1# - PUNTO DE ACCESO ADICIONAL--NOMBRE DE PERSONA
Nombre de persona Cahn, Anne Hessing
9 (RLIN) 73057
700 1# - PUNTO DE ACCESO ADICIONAL--NOMBRE DE PERSONA
Nombre de persona Bárcenas, Benjamín
Término indicativo de función/relación tr.
9 (RLIN) 73058
830 #0 - PUNTO DE ACCESO ADICIONAL DE SERIE-TÍTULO UNIFORME
Título uniforme 1980s project/Council on Foreign Relations
9 (RLIN) 73059
Holdings
Estado de retiro Estado de pérdida Restricciones de uso No para préstamo Código de colección Localización permanente Ubicación/localización actual Ubicación en estantería Fecha de adquisición Número de inventario Total de préstamos Signatura topográfica completa Código de barras Fecha visto por última vez Precio válido a partir de Tipo de ítem Koha
      Excluido de préstamo Monografías: Libros y Folletos General General En catalogación 30.01.2015 LF1   xxxx xxxx 45052-10 25.06.2020 25.06.2020 No se presta

Powered by Koha